00669 a2200157 45000010006000000050017000060080041000230030015000640400040000790800053001192450033001722640029002053000019002345050239002531000019004925496520260407155825.0260407a1968 arg spa dAR-UNSa-BCEJYS aAR-UNSa-BCEJYSbspacAR-UNSa-BCEJYS a161/162xPrincipios fundamentales de la lógica10aIntroducción a la lógica 1aBarcelona :bLaborc1968 a195 p.c20 cm. a1. La forma lógica – 2. La tradicional lógica de términos – 3. La lógica de proposiciones – 4. Existencias, predicación e identidad – 5. Proposiciones y hechos – 6. Lógica y lenguaje – 7. Lógica y lenguaje. 1 aMitchel, David